Evaluación como ayuda al aprendizaje

Salvato in:
Dettagli Bibliografici
Autori principali: Ballester, Margarita (Autore), Batalloso, Juan Miguel (Autore), Calatayud, María Amparo (Autore), Córdoba, Inmaculada (Autore), Diego, Joan (Autore), Fons, Montserrat (Autore), Giner, Toni (Autore), Jorba, Jaume (Autore), Mir, Boris (Autore), Moreno, Isidro (Autore), Parcerisa Aran, Artur (Autore), Pigrau, Teresa (Autore), Pitaluga, Inmaculada (Autore), Pujol, M. Antonia (Autore), Quinquer, Dolors (Autore), Quintana, Hilda E (Autore), Sanmartí, Neus (Autore), Sbert, Cati (Autore), Sbert, Maite (Autore), Weissman, Hilda (Autore)
Altri autori: Otero, Luis (autor)
Natura: Libro
Lingua:spagnolo
Pubblicazione: Barcelona Graó 2004
Edizione:1a. ed
Serie:Claves para la Educación Educativa
Soggetti:
Tags: Aggiungi Tag
Nessun Tag, puoi essere il primo ad aggiungerne!!

MARC

LEADER 00000cam a2200000 a 4500
001 UCC7807
003 CL-VaPUC
008 190510e20040000sp |||||||||||||||||spa|d
020 |a 9788478272341 
082 0 4 |a 372.26  |b BAL  |2 21 
100 0 |a Ballester, Margarita  |e author  |9 602498 
700 0 |a Batalloso, Juan Miguel  |e author  |9 602499 
700 0 |a Calatayud, María Amparo  |e author  |9 602500 
700 0 |a Córdoba, Inmaculada  |e author  |9 602501 
700 0 |a Diego, Joan  |e author  |9 602502 
700 0 |a Fons, Montserrat  |e author  |9 602503 
700 0 |a Giner, Toni  |e author  |9 602504 
700 |a Jorba, Jaume  |e author  |9 602505 
700 0 |a Mir, Boris  |e author  |9 602506 
700 0 |a Moreno, Isidro  |e author  |9 602507 
700 |a Otero, Luis  |e autor  |9 602508 
700 |a Parcerisa Aran, Artur  |e author  |9 594108 
700 0 |a Pigrau, Teresa  |e author  |9 602510 
700 0 |a Pitaluga, Inmaculada  |e author  |9 602511 
700 0 |a Pujol, M. Antonia  |e author  |9 602512 
700 0 |a Quinquer, Dolors  |e author  |9 602513 
700 0 |a Quintana, Hilda E  |e author  |9 602514 
700 0 |a Sanmartí, Neus  |e author  |9 602515 
700 0 |a Sbert, Cati  |e author  |9 602516 
700 0 |a Sbert, Maite  |e author  |9 602517 
700 0 |a Weissman, Hilda  |e author  |9 602518 
245 1 0 |a Evaluación como ayuda al aprendizaje 
250 |a 1a. ed 
300 |a 174 p 
942 |c BK 
945 |d 20190510 15:30:00  |a dcastane 
260 |a Barcelona  |b Graó  |c 2004 
650 0 |a Evaluación de la educación   |9 237505 
650 0 |a Aprendizaje   |9 254827 
650 0 |a Educación preescolar  |9 260381 
650 0 |a Educación básica   |9 224933 
583 |a last modification  |c 20190510 15:30:00  |k Rodrigo Vera 
490 0 |a Claves para la Educación Educativa 
999 |c 374356  |d 374354